| 000 | 00000nas 2200000za 4500 |
| 001 | 9.802464 |
| 003 | CaOODSP |
| 005 | 20241105150739 |
| 007 | cr ||||||||||| |
| 008 | 150406d19992004oncwr p o||||f| |0fre|d |
| 022 | |a1493-6275 |
| 040 | |aCaOODSP|bfre |
| 041 | |afre|aeng |
| 043 | |an-cn--- |
| 086 | 1 |aRG42-5-PDF |
| 110 | 2 |aOffice de la propriété intellectuelle du Canada. |
| 210 | 0 |aPat. Off. rec.|b(Online) |
| 222 | 0|aPatent Office record |b(Online) |
| 240 | 10|aPatent Office record (En ligne) |
| 245 | 14|aThe Patent Office record |h[ressource électronique] = |bLa gazette du Bureau des brevets |
| 246 | 31|aGazette du Bureau des brevets |
| 260 | |a[Ottawa] :|bCanadian Intellectual Property Office = Office de la propriété intellectuelle du Canada,|c[1999-2004] |
| 310 | |aHebdomadaire |
| 362 | 0 |aVol. 127, no. 16 (20 avril 1999)-v. 132, no. 25 (22 juin 2004). |
| 500 | |aIndex des demandes canadiennes mises à la disponibilité du public. |
| 546 | |aTexte en français et en anglais. |
| 691 | 07|aBrevet|2gcpds |
| 776 | 0#|tThe Patent Office record |w(CaOODSP)9.508650 |
| 785 | 00|tCanadian Patent Office record |w(CaOODSP)9.500442 |
| 791 | |tThe Patent Office record |eeng|w(CaOODSP)9.802459 |